JIT in the service sector (Record no. 62042)

000 -LEADER
fixed length control field 01350pab a2200181 454500
008 - FIXED-LENGTH DATA ELEMENTS--GENERAL INFORMATION
fixed length control field 180718b2004 xxu||||| |||| 00| 0 eng d
100 ## - MAIN ENTRY--PERSONAL NAME
Personal name Gupta, Anil
245 ## - TITLE STATEMENT
Title JIT in the service sector
260 ## - PUBLICATION, DISTRIBUTION, ETC.
Date of publication, distribution, etc. 2004
300 ## - PHYSICAL DESCRIPTION
Extent p.613-20.
362 ## - DATES OF PUBLICATION AND/OR SEQUENTIAL DESIGNATION
Dates of publication and/or sequential designation Jan-Mar
520 ## - SUMMARY, ETC.
Summary, etc. Just-in-Time (JIT) concepts have been successfully implemented in manufacturing organizations. There is reasonable consensus among researchers that JIT is a useful and beneficial approach reducing manufacturing costs while simultaneously improving the quality of a product. However, all reported instances of successful and unsuccessful JIT practices lie mainly within manufacturing settings. These JIT concepts and tools, originally developed in the manufacturing domain, can be identified, analyzed and altered to fit and benefit service organizations. This paper critically examines the potential of JIT within the Indian Service Sector. An analysis of a questionnaire supplied to various service industries is carried out with the help of statistical tests. The paper identities existing problems and benefits that can be achieved by implementing JIT in Indian service industries. Some research directions have also been identified. - Reproduced.
650 ## - SUBJECT ADDED ENTRY--TOPICAL TERM
Topical term or geographic name entry element Organizations
700 ## - ADDED ENTRY--PERSONAL NAME
Personal name Garg, Dixit
700 ## - ADDED ENTRY--PERSONAL NAME
Personal name Raj Kumar
773 ## - HOST ITEM ENTRY
Main entry heading Productivity
909 ## -
-- 62042
Holdings
Withdrawn status Lost status Damaged status Not for loan Permanent Location Current Location Date acquired Serial Enumeration / chronology Barcode Date last seen Price effective from Koha item type
        Indian Institute of Public Administration Indian Institute of Public Administration 2018-07-19 Volume no: 44, Issue no: 4 AR62492 2018-07-19 2018-07-19 Articles

Powered by Koha